Branches des sciences naturelles - Statistiques

Statistiques générales
  • Ce quiz a été pris 86 fois
  • Le résultat moyen est 11 sur 20
Statistiques - réponses
Indication Nom de la science % Correct
Science du vivant Biologie
93%
Science des objets célestes Astronomie
81%
Science du climat Climatologie
80%
Science de la Terre Géologie
77%
Science des volcans Volcanologie
77%
Science des séismes Sismologie
68%
Science de l'être humain à travers ses vestiges Archéologie
66%
Science de la matière et de ses transformations Chimie
57%
Science des fossiles Paléontologie
51%
Science des oiseaux Ornithologie
50%
Science des phénomènes naturels de l'Univers Physique
49%
Science des animaux Zoologie
46%
Science de la forme et de la structure des êtres vivants Anatomie
45%
Science des mers et des océans Océanographie
45%
Science des végétaux Botanique
42%
Science des champignons Mycologie
42%
Science des cavités souterraines Spéléologie
36%
Science du fonctionnement du corps humain Médecine
34%
Science des interactions entre les êtres vivants et leur milieu Ecologie
32%
Science de la lumière et de son comportement Optique
19%
Aucun quiz correspondant
Distribution des résultats
% des personnes avec chaque résultat
Percentile par nombre de réponses
Votre historique - résultats
Vous n’avez pas pris ce quiz